Mythologie grecque - Les Titans et Titanides - Statistiques

Statistiques générales
  • Ce quiz a été pris 61 fois
  • Le résultat moyen est 12 sur 22
Statistiques - réponses
Affectations Noms % Correct
Mère Gaïa
100%
Le roi des titansPère des premiers Olympiens Titan du Temps Cronos
94%
Père Ouranos
94%
Reine des TitansMère des premiers Olympiens
Titanide de la Fertilité et de la Maternité et de la Génération
Rhéa
91%
Aîné Maître des eaux Océanos
78%
Déesse de la Mémoire Mnémosyne
72%
Titan de la lumière célesteTitan du Soleil Hypérion
69%
Titanide de la MerPersonnification de la fécondité marine Déesse de la mer nourricière Téthys
66%
Dieu du soleil couchant Crios
56%
Frères (Hécatonchire) Briaréé
53%
Titan de la mortalitéL'ancêtre de la race humaine Japet
53%
Titanide de la justice et de la loi et de l'équité Thémis
53%
Titanide de la vueLa lumière du ciel bleu Théia
50%
La connaissance (celui qui sait) Koios
44%
Frères (Cyclopes) Arghès
41%
Frères (Cyclopes) Brontès
34%
Titanide de la ProphétieDéesse de la lune Phébé
34%
Frères (Cyclopes) Stéropès
31%
Frères (Hécatonchire) Cottos
28%
Frères (Hécatonchire) Gyès
22%
Déesse archaïque considérée comme la mère d'Aphrodite dans certaines traditions anciennes Dioné
19%
Demeure Le Mont Othrys
19%
Aucun quiz correspondant
Distribution des résultats
% des personnes avec chaque résultat
Percentile par nombre de réponses
Votre historique - résultats
Vous n’avez pas pris ce quiz